| 000 | 01062nam a22002417a 4500 | ||
|---|---|---|---|
| 005 | 20240305165453.0 | ||
| 007 | cr|||| |||| | ||
| 008 | 170914s2010 mx |||||s||||f00||0 spa d | ||
| 035 | _a20527 | ||
| 040 | _avLex | ||
| 090 |
_c6963 _d6963 |
||
| 100 | 1 | _aTrejo Cerda, Onosandro | |
| 245 | 1 | 0 |
_aIndependencia, Reforma y Revolución _h[Recurso electrónico] / _cOnosandro Trejo Cerda |
| 256 | _aServicio en línea | ||
| 260 |
_aCiudad de México: _bCámara de Diputados, _c2010 |
||
| 300 | _a1 recurso electrónico (24 p.) | ||
| 506 | 1 |
_aDisponible solo en los productos indicados _dvLex Global _dvLex Global (Academic Edition, excluding Law Schools) _dvLex Global (U.S. Academic Edition, Law Schools) _dvLex Global (U.S. Academic Edition, excluding Law Schools) _dvLex Global (Academic Edition, Law Schools) |
|
| 650 | 0 | 4 |
_aDerecho Público y Administrativo _zMéxico |
| 650 | 0 | 4 |
_aCiencias sociales _zMéxico |
| 740 | 0 | _avLex Libros (Servicio en línea) | |
| 856 | 4 | 0 | _uhttps://app.vlex.com/#/sources/independencia-reforma-revolucion-20527 |
| 942 | _cRAA | ||
| 999 |
_c165209 _d165209 |
||